Теоретические основы электротехники: курс лекций; учебное пособие для высших и средних учебных заведений

Bibliografiske detaljer
Hovedforfatter: Прянишников В. А. Виктор Алексеевич
Summary:Курс лекций по теоретическим основам электротехники соответствует программам курсов «ТОЭ» и «Теория электрических цепей» и может быть использован при изучении таких дисциплин, как «Электротехника и основы электроники» и «Электротехника». Курс содержит 33 лекции и включает все основные разделы теории электрических цепей. Лекции содержат тщательно подобранные иллюстрации и таблицы, которые можно использовать как наглядные пособия.
Sprog:russisk
Udgivet: СПб., Корона принт, 2004
Udgivelse:4-е изд.
Serier:Учебник для высших и средних учебных заведений
Fag:
Format: Bog
KOHA link:https://koha.lib.tpu.ru/cgi-bin/koha/opac-detail.pl?biblionumber=104390

MARC

LEADER 00000nam0a2200000 4500
001 104390
005 20231101214538.0
010 |a 5793101047 
035 |a (RuTPU)RU\TPU\book\112537 
035 |a RU\TPU\book\26854 
090 |a 104390 
100 |a 20061101d2004 m y0rusy50 ca 
101 0 |a rus 
102 |a RU 
105 |a а j 001zy 
200 1 |a Теоретические основы электротехники  |e курс лекций  |e учебное пособие для высших и средних учебных заведений  |f В. А. Прянишников 
205 |a 4-е изд. 
210 |a СПб.  |c Корона принт  |d 2004 
215 |a 366 с.  |c ил. 
225 1 |a Учебник для высших и средних учебных заведений 
320 |a Библиогр.: с. 366. 
330 |a Курс лекций по теоретическим основам электротехники соответствует программам курсов «ТОЭ» и «Теория электрических цепей» и может быть использован при изучении таких дисциплин, как «Электротехника и основы электроники» и «Электротехника». Курс содержит 33 лекции и включает все основные разделы теории электрических цепей. Лекции содержат тщательно подобранные иллюстрации и таблицы, которые можно использовать как наглядные пособия. 
451 1 |0 (RuTPU)RU\TPU\book\130327  |y 978-5-7931-0461-6  |t Теоретические основы электротехники  |o курс лекций  |f В. А. Прянишников  |e 5-е изд.  |c СПб.  |n Корона принт  |d 2007  |p 366 с.  |a Прянишников, Виктор Алексеевич 
451 1 |0 (RuTPU)RU\TPU\book\26854  |y 5-7931-0104-7  |t Теоретические основы электротехники  |o курс лекций  |f В. А. Прянишников  |e 3-е изд., перераб. и доп.  |c СПб.  |n Корона принт  |d 2000  |p 368 с.  |s Учебник для высших и средних учебных заведений  |a Прянишников, Виктор Алексеевич 
606 1 |a Электротехника теоретическая  |2 stltpush  |3 (RuTPU)RU\TPU\subj\20909  |9 45970 
610 1 |a ТОЭ 
610 1 |a теоретические основы электротехники 
610 1 |a электрические цепи 
610 1 |a электрические фильтры 
610 1 |a стационарный режим 
610 1 |a нестационарный режим 
610 1 |a электрические сигналы 
610 1 |a расчет 
610 1 |a трехфазные цепи 
610 1 |a цепи с распределенными параметрами 
610 1 |a учебные пособия 
675 |a 621.3.01(075.8)  |v 3 
700 1 |a Прянишников  |b В. А.  |g Виктор Алексеевич 
801 0 |a RU  |b 63413507  |c 20011209  |g PSBO 
801 2 |a RU  |b 63413507  |c 20230208  |g PSBO 
900 |a Электротехника 
900 |a Теоретические основы электротехники 
900 |a Электротехника и основы электроники 
942 |c BK